A Beginners guide to consumer electronics repair (Record no. 7472)

MARC details
000 -LEADER
fixed length control field 00484nam a22001817a 4500
003 - CONTROL NUMBER IDENTIFIER
control field OSt
005 - DATE AND TIME OF LATEST TRANSACTION
control field 20211115100440.0
008 - FIXED-LENGTH DATA ELEMENTS--GENERAL INFORMATION
fixed length control field 211115b ||||| |||| 00| 0 eng d
020 ## - INTERNATIONAL STANDARD BOOK NUMBER
International Standard Book Number 0595411711
040 ## - CATALOGING SOURCE
Transcribing agency DDC
082 ## - DEWEY DECIMAL CLASSIFICATION NUMBER
Classification number 621.388KIN 2006
100 ## - MAIN ENTRY--PERSONAL NAME
Personal name Kinney,douglas;
9 (RLIN) 15308
245 ## - TITLE STATEMENT
Title A Beginners guide to consumer electronics repair
260 ## - PUBLICATION, DISTRIBUTION, ETC. (IMPRINT)
Place of publication, distribution, etc. New York,
Name of publisher, distributor, etc. iUniverce,inc,
Date of publication, distribution, etc. 2006.
300 ## - PHYSICAL DESCRIPTION
Extent xxi,52p;
Other physical details ill,
Dimensions 25cm.
650 ## - SUBJECT ADDED ENTRY--TOPICAL TERM
Topical term or geographic name as entry element Engineering.
9 (RLIN) 373
942 ## - ADDED ENTRY ELEMENTS (KOHA)
Source of classification or shelving scheme Dewey Decimal Classification
Koha item type Open Shelf
Holdings
Withdrawn status Lost status Source of classification or shelving scheme Damaged status Not for loan Home library Current library Date acquired Source of acquisition Inventory number Total Checkouts Full call number Barcode Date last seen Price effective from Koha item type
    Dewey Decimal Classification     MUST Main Library MUST Main Library 15/11/2021 Purchase 11/33439   621.388KIN 2006 2021-1677 15/11/2021 15/11/2021 Open Shelf
    Dewey Decimal Classification     MUST Main Library MUST Main Library 26/11/2024 Purchase 11/33438   621.388KIN 2006 2024-22575 26/11/2024 26/11/2024 Book Bank